Ethics of Climate Change (Record no. 754818)
[ view plain ]
| 000 -LEADER | |
|---|---|
| fixed length control field | 00354nam a22001457a 4500 |
| 020 ## - INTERNATIONAL STANDARD BOOK NUMBER | |
| ISBN | 978-1-03-225766-2 |
| 082 ## - DEWEY DECIMAL CLASSIFICATION NUMBER | |
| Classification number | 179.1WIL/E |
| 100 ## - MAIN ENTRY--AUTHOR NAME | |
| Personal name | Williston,Byron |
| 245 ## - TITLE STATEMENT | |
| Title | Ethics of Climate Change |
| Statement of responsibility, etc | by Byron Williston |
| 250 ## - EDITION STATEMENT | |
| Edition statement | 2 |
| 260 ## - PUBLICATION, DISTRIBUTION, ETC. (IMPRINT) | |
| Place of publication | .-London |
| Name of publisher | :Routledge |
| Year of publication | ,2024 |
| 300 ## - PHYSICAL DESCRIPTION | |
| Number of Pages | 241p |
| 942 ## - ADDED ENTRY ELEMENTS (KOHA) | |
| Source of classification or shelving scheme | Dewey Decimal Classification |
| Koha item type | Book |
| Withdrawn status | Lost status | Source of classification or shelving scheme | Damaged status | Not for loan | Home Library | Current Location | Shelving location | Date acquired | Source of acquisition | Full call number | Accession Number | Price effective from | Koha item type |
|---|---|---|---|---|---|---|---|---|---|---|---|---|---|
| Dewey Decimal Classification | Dept. of Aquatic Biology and Fisheries | Dept. of Aquatic Biology and Fisheries | General Stacks | 06/01/2026 | SBST/60 | 179.1WIL/E | AQU6587 | 06/01/2026 | Book |
